| 000 -ლიდერი |
| ფიქსირებული სიგრძის საკონტროლო ველი |
02485nam a22003137a 4500 |
| 003 - საკონტროლო ნომრის იდენტიფიკატორი |
| საკონტროლო ველი |
Ge_BSU |
| 005 - ბოლო ოპერაციის თარიღი და დრო |
| საკონტროლო ველი |
20230621162734.0 |
| 008 - ფიქსირებული სიგრძის მონაცემთა ელემენტები - ზოგადი ინფორმაცია |
| ფიქსირებული სიგრძის საკონტროლო ველი |
230621s2008 ge ||||| |||| 00| 0 geo d |
| 020 ## - წიგნის საერთაშორისო სტანდარტული ნომერი |
| International Standard Book Number |
9789941401251 |
| 041 ## - ენის კოდი |
| Language code of text/sound track or separate title |
geo |
| 080 ## - უნივერსალური ათობითი კლასიფიკაციის ინდექსი |
| Universal Decimal Classification number |
94(=14): 821.14'01-394:902.2 კ-77 |
| 100 ## - მთავარი ჩანაწერი - პიროვნების სახელი |
| Personal name |
კორომილა, მარიანა |
| 9 (RLIN) |
14736 |
| 245 ## - ცნობა სათაურის შესახებ |
| Title |
ბერძნები შავ ზღვაზე : |
| Remainder of title |
ბრინჯაოს ხანიდან XX საუკუნის დასაწყისამდე / |
| Statement of responsibility, etc |
მარიანა კორომილა ; ბერძნ. ენიდან თარგმნეს: მედეა აბულაშვილმა, მედეა მეტრეველმა, ქეთევან ცინცაძემ ; [რედ.: სოფიო შამანიდი, მაკა ქამუშაძე] ; თსუ-ის კლ. ფილოლ., ბიზანტ. და ნეოგრეც. ინ-ტი, შემოქმ. გაერთ-ბა "პანორამა". |
| 264 ## - წარმოების, გამოცემის, დისტრიბუციის და სხვა ცნობები |
| გამოცემის, წარმოების, დისტრიბუციის... ადგილი |
თბილისი : |
| გამოცემის, წარმოების, დისტრიბუციის... სახელწოდება |
პროგრამა "ლოგოსი", |
| გამოცემის, წარმოების, დისტრიბუციის... თარიღი |
2008. |
| 300 ## - ფიზიკური აღწერა |
| Extent |
477გვ. : |
| Other physical details |
სურ., რუკ. ; |
| Dimensions |
26სმ. |
| 490 ## - სერიის ცნობა |
| Series statement |
პროგრამა "ლოგოსი". პუბლიკაც. და ღონისძიებ. კლ. ფილოლ., ბიზანტინისტიკისა და ნეოგრეცისტიკის სფეროში |
| 500 ## - ზოგადი შენიშვნა |
| General note |
პარალ. თავფურც. ბერძნ. |
| 653 ## - INDEX TERM--UNCONTROLLED |
| Uncontrolled term |
საბერძნეთის ისტორია |
| 653 ## - INDEX TERM--UNCONTROLLED |
| Uncontrolled term |
ბერძნული მითები და ლეგენდები |
| 653 ## - INDEX TERM--UNCONTROLLED |
| Uncontrolled term |
ბერძნების ეთნოგრაფია |
| 653 ## - INDEX TERM--UNCONTROLLED |
| Uncontrolled term |
არქეოლოგიური ძეგლები |
| 653 ## - INDEX TERM--UNCONTROLLED |
| Uncontrolled term |
ბიზანტიის ისტორია |
| 653 ## - INDEX TERM--UNCONTROLLED |
| Uncontrolled term |
ბერძნული დასახლებები შავ ზღვაზე |
| 700 ## - ADDED ENTRY--PERSONAL NAME |
| Personal name |
აბულაშვილი, მედეა |
| Relator term |
მთარგმნელი |
| 9 (RLIN) |
13967 |
| 700 ## - ADDED ENTRY--PERSONAL NAME |
| Personal name |
შამანიდი, სოფიო |
| Relator term |
რედაქტორი |
| 9 (RLIN) |
17096 |
| 700 ## - ADDED ENTRY--PERSONAL NAME |
| Personal name |
ქამუშაძე, მაკა |
| Relator term |
რედაქტორი |
| 9 (RLIN) |
18882 |
| 710 ## - ADDED ENTRY--CORPORATE NAME |
| Corporate name or jurisdiction name as entry element |
თსუ |
| Subordinate unit |
კლ. ფილოლ., ბიზანტ. და ნეოგრეც. ინ-ტი |
| 9 (RLIN) |
18883 |
| 942 ## - ADDED ENTRY ELEMENTS (KOHA) |
| Source of classification or shelving scheme |
|
| Koha item type |
წიგნი |